000 00835nam a2200265 i 4500
003 DO-SdBNP
005 20260417143147.0
007 ta
008 260417b200? dr ||||| |||| 00| 0 spa d
040 _aDO-SdBNP
_bspa
_cBNPHU
_erda
041 _aspa
082 4 _axxx
_bxxx
_222
100 _aLuna, Vicente,
_d1952-
_eautor
_4aut.
_965750
245 1 0 _aHistoria política y social de Cotui /
_cVicente Luna
264 1 _aSanto Domingo :
_bImpresora del Nordeste, S.A.,
_c200?.
300 _a193 páginas ;
_c21 cm.
336 _atexto
_btxt
_2rdacontent
337 _asin mediación
_bn
_2rdamedia
338 _avolumen
_bnc
_2rdacarrier
500 _aIncluye datos biográficos del autor en la contracubierta
504 _aBibliografía: página 191-193
590 _aInventariado, 2026/BT
910 _aBtavárez
942 _2ddc
_cLBS1
999 _c60577
_d60577